| 000 | 00716nam a22002177a 4500 | ||
|---|---|---|---|
| 005 | 20251108164146.0 | ||
| 008 | 250721s2001 xx 000 0 ara d | ||
| 082 | 1 | 4 | _a327.16/كلي |
| 100 | 1 | _aكلير، مايكل | |
| 245 | 1 | 0 |
_aالحروب على الموارد : _bالجغرافيا الجديدة للنزاعات العالمية / |
| 264 | 1 |
_aبيروت : _bالكتاب العربي، _c2001. |
|
| 300 | _a309ص | ||
| 650 | 1 | 7 | _aالموارد الطبيعية |
| 650 | 1 | 7 | _aالنزاعات |
| 650 | 1 | 7 | _aالصراع الدولي |
| 650 | 1 | 7 | _aالنزاعات الإستثمارية |
| 650 | 1 | 7 | _aالنفط |
| 700 | 1 |
_aحسن، عدنان _eترجمة |
|
| 942 |
_2ddc _cBK |
||
| 999 |
_c5119 _d5119 |
||